000 00625nam a22001937a 4500
005 20251108172643.0
008 250721s1998 xx 000 0 ara d
082 1 4 _a333,79/فلا
100 1 _aفلافين، كريستوفر
245 1 0 _aطوفان الطاقه : دليل لتوره الطاقه المقبله /
264 1 _aالقاهره :
_bالدار الدوليه للنشر و التوزيع،
_c1998.
300 _a310 ص.
650 1 7 _aالطاقة
650 1 7 _aإقتصاديات الطاقة
650 1 7 _aالتلوث
650 1 7 _aمكافحة التلوث
942 _2ddc
_cBK
999 _c85069
_d85069